Émission d'Enfance au Québec par Images - 1 - Statistiques

Statistiques générales
  • Ce quiz a été pris 148 fois
  • Le résultat moyen est 8 sur 15
Statistiques - réponses
Par images Réponse % Correct
Passe-Partout
90%
Toc Toc Toc
90%
Diego
88%
Pat Patrouille
87%
Toupie et Binou
75%
Pokémon
72%
Les Argonautes
59%
Johnny Test
46%
Sam Chicotte
46%
Cochon Dingue
34%
Les Mélodilous
34%
Salmigondis
25%
Yakari
21%
Bernard
8%
Monster Buster Club
6%
Aucun quiz correspondant
Distribution des résultats
% des personnes avec chaque résultat
Percentile par nombre de réponses
Votre historique - résultats
Vous n’avez pas pris ce quiz